000 00407nam a2200145Ia 4500
008 230917s9999||||xx |||||||||||||| ||und||
040 _e212189
_aMAIN
041 _aEnglish
082 _a658.4 H943C
100 _aHurst, David K
245 0 _aCrisis and renewal: Meeting the challenge of organizational change
260 _aBoston
_bHarvard Business Review Press
_c2002
300 _a229 p.
942 _cBK
999 _c172720
_d172720